000
00292nam a2200109Ia 4500
008
240521s1975 xx 000 0 und d
041
_a
eng
100
_a
HASTING D.J.
245
_a
EXERCISES IN ENGINEERING DRAWING III RD ED
260
_b
EDWARD ARNOLD PUBLISHERS LTD.
_c
1975
300
_a
144
999
_c
1163525
_d
1163525